|
|
|
|
| LEADER |
00000cam a2200000 a 4500 |
| 001 |
vtls010560503 |
| 003 |
SK-MaSNL |
| 005 |
20260302013052.0 |
| 008 |
240318s2013 xo boa b 000 0 slo |
| 015 |
|
|
|a SNBA2014/04
|
| 020 |
|
|
|a 9788080913083
|q (brož.)
|
| 040 |
|
|
|a SNK
|b slo
|c SNK
|e AACR2
|
| 041 |
0 |
|
|a slo
|
| 044 |
|
|
|a xo
|c SK
|
| 072 |
|
7 |
|a 373.2/.3
|x Predškolská a primárna výchova a vzdelávanie
|2 konspekt
|
| 072 |
|
7 |
|a 908
|x Geografia. Biografické štúdie. Dejiny
|2 konspekt
|
| 080 |
|
|
|a 908
|2 2001
|
| 080 |
|
|
|a (075.2)
|2 2001
|
| 100 |
1 |
|
|a Kožuchová, Mária,
|d 1950-
|4 aut
|9 185671
|
| 245 |
1 |
0 |
|a Vlastiveda 3
|b pre 3. ročník základnej školy
|c [Mária Kožuchová, Renáta Matúšková, Mária Šimunková ; fotografie: Janko Brunčák ... [et al.] ; kresby: Martin Ambruš ... [et al.]]
|
| 250 |
|
|
|a 4. vyd.
|
| 260 |
|
|
|a Bratislava
|b Expol pedagogika
|c 2013
|
| 300 |
|
|
|a 79 s.
|b fareb. fotogr. a ilustr., mp.
|c 30 cm
|
| 650 |
0 |
7 |
|a vlastiveda
|2 SNKPH
|9 3887
|
| 650 |
0 |
7 |
|a History and geography
|2 SNKPHeng
|9 265657
|
| 655 |
|
7 |
|a učebnice základných škôl
|2 SNKPH
|9 70187
|
| 655 |
|
7 |
|a Textbooks (elementary)
|2 SNKPHeng
|9 276977
|
| 700 |
1 |
|
|a Šimunková, Mária
|4 aut
|9 332410
|
| 700 |
1 |
|
|a Matúšková, Renáta,
|d 1968-
|4 aut
|9 204729
|
| 700 |
1 |
|
|a Ambruš, Martin
|4 ill
|9 206017
|
| 700 |
1 |
|
|a Brunčák, Ján
|4 pht
|9 186338
|
| 852 |
|
|
|a Štátna vedecká knižnica v Banskej Bystrici
|
| 919 |
|
|
|a 978-80-8091-308-3
|
| 999 |
|
|
|c 1011621
|d 1013551
|
| 952 |
|
|
|a SNK
|b SNK
|y PREZ
|7 0
|p 17A1107069
|o snkSB 86448
|i snk2014/7446
|8 0
|0 0
|1 0
|4 0
|d 2014-03-21
|l 0
|r 2025-05-07 00:00:00
|w 2026-02-24
|
| 952 |
|
|
|a SNK
|b SNK
|y VYP
|7 0
|p 17A1107070
|o snkSB 86448 D1
|i snk2014/7447
|8 0
|0 0
|1 0
|4 0
|d 2014-03-21
|l 0
|r 2016-06-30 00:00:00
|w 2026-02-24
|